000 01515nam0a22002771 4500
001 rc\3169684
005 20260408003353.0
021 _aRU
_b76-22719
021 _aRU
_bРг6160-76
035 _a(NLR Aleph) 007307440
090 _a5774412
_c5774412
100 _a20120615d1976 |||y0rusy50 ca
101 0 _arus
102 _aRU
105 _ay z |||||
200 1 _aСоздание бессточных систем водоснабжения коксохимических заводов
_fГос. ком. Совета Министров СССР по науке и технике. Междунар. симпозиум стран - членов СЭВ и СФРЮ по вопросам разработки и применения безотходных и малоотходных технол. процессов. Дрезден, март 1976 г.
210 _aМосква
_cБ. и.
_d1976
215 _a8 с.
_d22
700 1 _aПривалов
_bВ.Е.
_f1915-
_gВасилий Ефимович
701 1 _aПапков
_bГ.И.
_gГригорий Ильич
712 1 2 _aМеждународный симпозиум стран-членов СЭВ и СФРЮ по вопросам разработки и применения безотходных и малоотходных технологических процессов
_f1976
_eДрезден
_3RU\NLR\AUTH\8810167889
_9831597
801 0 _aRU
_bNLR
_gpsbo
801 1 _aRU
_bELAR
_2rusmarc
852 _aNLR
_j76-6/4159
942 _cBOOK
980 _aNB